00619nam a22001577a 450000500170000000800410001708200190005810000230007724500970010026000590019730000110025665000150026794200070028299900170028995201550030620260414105641.0260414b |||||||| |||| 00| 0 eng d a297.273bMUH-G aMuhammad Umar Riaz aGlobal Dialogue and Reconciliation in Islamic Perspective bChallenges and Future Prospects  aPakistan bMinhaj ul Quran Publications, Lahore c2021 a171 p. aEducation  cBK c47304d47304 00w2026-04-141040708EducationaAUSCbAUSCcEducationd2026-04-14eGifted by Dr. Sadaf Zamir l0o297.273 MUH-GpAUHEG0038r2026-04-14 10:58:10yBK